000 00453nam a22001577a 4500
005 20251108171124.0
008 250721s1987 xx 000 0 ara d
082 1 4 _a210/جاو
100 1 _aجاويش، عبد العزيز
245 1 0 _aالإسلام دين الفطرة /
264 1 _aالقاهرة :
_bالزهراء للإعلام العربي،
_c1987.
300 _a226ص
650 1 7 _aالإسلام
942 _2ddc
_cBK
999 _c57184
_d57184